| 000 | 04146cam a22012494i 4500 | ||
|---|---|---|---|
| 003 | PE-LiUPU | ||
| 005 | 20250813185529.0 | ||
| 008 | 150625s2002 sp a rb 000 0 spa d | ||
| 020 | _a8420534587 | ||
| 020 | _a9788420534589 | ||
| 035 | _a(Sirsi) i9788420534589 | ||
| 040 |
_aPE-LiUPU _bspa _cPE-LiUPU _dPE-LiUPU _erda |
||
| 049 | _aPRUA | ||
| 082 | 0 | 4 |
_a373.37863 _bP27 _221 |
| 100 | 1 |
_aPascual Mejía, Pilar, _eautor. |
|
| 245 | 1 | 0 |
_aDidáctica de la música para primaria / _cPilar Pacual Mejía. |
| 264 | 1 |
_aMadrid : _bPearson Educación, _c2002. |
|
| 300 |
_a320 páginas : _bilustraciones ; _c24 centímetros. |
||
| 336 |
_atext _2rdacontent |
||
| 337 |
_aunmediated _2rdamedia |
||
| 338 |
_avolume _2rdacarrier |
||
| 490 | 0 | _aColección Didáctica Primaria | |
| 504 | _aBibliografía: páginas 407-411. | ||
| 505 | 0 | _aBases psicopedagógicas de la educación musical -- Fundamentos de la educación musical -- El niño, sujeto de la educación musical desarrollo evolutivo en relación con la educación musical -- La educación musical en la educación primaria -- La secuenciación de los objetivos y de los contenidos -- Metodologías pedagógico-musicales -- El método Dalcroze -- El método Kodály -- El método Willems -- El método Martenot -- El método Orff -- Análisis de los contenidos específicos de la educación musical -- La educación vocal y el canto -- Los instrumentos -- La percepción auditiva y la audición de obras musicales -- El movimiento y la danza -- Programación -- Modelo de programación en educación musical -- Recursos materiales en educación musical. | |
| 526 | _aP202 | ||
| 526 | _aP201 | ||
| 526 | _aP163 | ||
| 526 | _aP162 | ||
| 526 | _aP161 | ||
| 526 | _aP160 | ||
| 526 | _aP148 | ||
| 526 | _aP147 | ||
| 526 | _aP146 | ||
| 526 | _aP145 | ||
| 526 | _aP144 | ||
| 526 | _aP143 | ||
| 526 | _aP142 | ||
| 526 | _aP141 | ||
| 526 | _aP140 | ||
| 526 | _aP139 | ||
| 526 | _aP138 | ||
| 526 | _aP137 | ||
| 526 | _aP136 | ||
| 526 | _aP135 | ||
| 526 | _aP134 | ||
| 526 | _aP133 | ||
| 526 | _aP129 | ||
| 526 | _aP128 | ||
| 526 | _aP127 | ||
| 526 | _aP120 | ||
| 526 | _aP119 | ||
| 526 | _aP118 | ||
| 526 | _aP116 | ||
| 526 | _aP115 | ||
| 526 | _aP114 | ||
| 526 | _aP110 | ||
| 526 | _aP109 | ||
| 526 | _aP108 | ||
| 526 | _aP104 | ||
| 526 | _aP103 | ||
| 526 | _aP102 | ||
| 526 | _aP99 | ||
| 526 | _aP98 | ||
| 526 | _aP97 | ||
| 526 | _aP96 | ||
| 526 | _aP95 | ||
| 526 | _aP93 | ||
| 526 | _aP90 | ||
| 526 | _aP89 | ||
| 526 | _aP88 | ||
| 526 | _aP83 | ||
| 526 | _aP82 | ||
| 526 | _aP62 | ||
| 526 | _aP59 | ||
| 526 | _aP58 | ||
| 526 | _aP57 | ||
| 526 | _aP51 | ||
| 526 | _aP49 | ||
| 526 | _aP48 | ||
| 526 | _aP47 | ||
| 526 | _aP29 | ||
| 526 | _aP24 | ||
| 526 | _aP20 | ||
| 526 | _aP19 | ||
| 526 | _aP17 | ||
| 526 | _aP15 | ||
| 526 | _aP14 | ||
| 526 | _aP12 | ||
| 526 | _aP10 | ||
| 526 | _aP09 | ||
| 526 | _aP08 | ||
| 526 | _aP07 | ||
| 526 | _aP06 | ||
| 526 | _aP05 | ||
| 526 | _aP04 | ||
| 526 | _aP01 | ||
| 541 | _g001-000324; | ||
| 541 | _g001-000235; | ||
| 650 | 0 | 4 |
_aMúsica _xEducación primaria. |
| 942 |
_2ddc _cBOOK |
||
| 949 |
_a373.37863 P27 _wDEWEY _c1 _i58358 _d2016-8-15 _e2016-8-11 _lCCODEBUL1 _mBUL _n4 _p24.00 _r0 _sY _tBOOK _u2015-6-25 _xEDUCACION _PP20 _0COMPRA _o.STAFF. Colección General |
||
| 949 |
_a373.37863 P27 _wDEWEY _c2 _i57739 _d2016-9-22 _e2016-9-19 _lCCODEBUL1 _mBUL _n1 _p28.00 _r0 _sY _tBOOK _u2015-6-25 _xEDUCACION _PP20 _0COMPRA _o.STAFF. Colección General |
||
| 994 |
_aC0 _bPEPRU |
||
| 596 | _a1 | ||
| 999 |
_a373.37863 P27 _wDEWEY _c46745 _i58358 _d46745 _e2018-11-8 _f2021-11-8 _g5 _lCCODEBUL1 _mBUL _n8 _p24.00 _q1 _r0 _sN _tBOOK _u2015-6-25 _xEDUCACION _PP20 _0COMPRA _o.STAFF. Colección General |
||
| 999 |
_a373.37863 P27 _wDEWEY _c2 _i57739 _d2018-12-3 _e2018-11-8 _f2021-11-8 _g6 _lCCODEBUL1 _mBUL _n13 _p28.00 _q1 _r0 _sY _tBOOK _u2015-6-25 _xEDUCACION _PP20 _0COMPRA _o.STAFF. Colección Ciencias Humanas y Educación |
||
| 980 |
_81 _gALBERTO SANCHEZ Responsable de Automatización |
||